<?xml version="1.0" encoding="utf-8"?>
<?xml-stylesheet type='text/xsl' href='./oai2.xsl'?>
<OAI-PMH xmlns="http://www.openarchives.org/OAI/2.0/" xmlns:xsi="http://www.w3.org/2001/XMLSchema-instance" xsi:schemaLocation="http://www.openarchives.org/OAI/2.0/ http://www.openarchives.org/OAI/2.0/OAI-PMH.xsd">
  <responseDate>2026-06-06T21:18:57Z</responseDate>
  <request verb="GetRecord" metadataPrefix="marcxml" identifier="record_kuniweb_2661071">https://kulturerbe.niedersachsen.de/oai</request>
  <GetRecord>
    <record>
      <header>
        <identifier>record_kuniweb_2661071</identifier>
        <datestamp>2026-03-31T19:09:18Z</datestamp>
        <setSpec>slg0175</setSpec>
      </header>
      <metadata>
        <marc:record xmlns:marc="http://www.loc.gov/MARC21/slim" xsi:schemaLocation="http://www.loc.gov/MARC21/slim http://www.loc.gov/standards/marcxml/schema/MARC21slim.xsd">
          <marc:leader>12345nkm  22     uu 4500</marc:leader>
          <marc:controlfield tag="001">2661071</marc:controlfield>
          <marc:controlfield tag="003">http://kuniweb.gbv.de</marc:controlfield>
          <marc:controlfield tag="005">2025-04-23T13:09:49</marc:controlfield>
          <marc:controlfield tag="008">|           ||||||||||||||||||||||</marc:controlfield>
          <marc:datafield tag="245" ind1="1" ind2="0">
            <marc:subfield code="a">Braut- und Volkstracht (Heeslingen)</marc:subfield>
          </marc:datafield>
          <marc:datafield tag="720" ind1=" " ind2=" ">
            <marc:subfield code="a">Hans Müller-Brauel</marc:subfield>
          </marc:datafield>
          <marc:datafield tag="655" ind1=" " ind2="7">
            <marc:subfield code="a">Fotografie</marc:subfield>
          </marc:datafield>
          <marc:datafield tag="046" ind1=" " ind2=" ">
            <marc:subfield code="k">1893-09-24</marc:subfield>
            <marc:subfield code="k">24. September 1893 (Datierung auf der Kabinettkarte unterhalb der Fotografie)</marc:subfield>
          </marc:datafield>
          <marc:datafield tag="260" ind1=" " ind2=" ">
            <marc:subfield code="g">1893-09-24</marc:subfield>
            <marc:subfield code="g">24. September 1893 (Datierung auf der Kabinettkarte unterhalb der Fotografie)</marc:subfield>
          </marc:datafield>
          <marc:datafield tag="300" ind1=" " ind2=" ">
            <marc:subfield code="a">Höhe: 149 mm (Fotografie)
Breite: 99 mm (Fotografie)
Höhe: 167 mm (Kabinettkarte)
Breite: 106 mm (Kabinettkarte)</marc:subfield>
          </marc:datafield>
          <marc:datafield tag="520" ind1=" " ind2=" ">
            <marc:subfield code="a">Fotografie von drei unbekannten Frauen in "Heeslinger Braut u. Volkstracht" im Kabinettformat von Hans Müller-Brauel. Aufkleber auf der Kabinettkarte unterhalb der Fotografie erinnert an "unsere Heidefahrt - 24. Sept. 1893" - Bezug auf Ausflug in die Lüneburger Heide von Allmers mit Hans Müller-Brauel, Friedrich und August Freudenthal, dessen
Schwiegersohn Runge, Ludwig Bräutigam, dem Bremer Erzgießer Friedrich Wilhelm Heine und Friedrich Tewes vom 23.-25. September 1893 (T. Mahler 04/2025)

Aufdruck:
"Zur Erinnerung an unsere Heidefahrt - 24. Sept. 1893./ Phot. v. Hans Müller." u. mittig (Bez. auf einem Aufkleber auf der Kabinettkarte unterhalb der Fotografie)

Aufschrift:
"Heeslingen: Braut- u. Volkstracht." u. mittig (Bez. von der Hand Müller-Brauels auf einem Aufkleber auf der Kabinettkarte unterhalb der Fotografie)

Literatur in Zusammenhang:
H. Allmers, H. G. Steimer, und A. Behne, „Briefwechsel mit Freunden in der Ferne 1880-1901“, Briefwechsel, Bd. 3, Teilband 2. Edition Temmen, Bremen, 2019. (Vgl. S. 389)</marc:subfield>
          </marc:datafield>
          <marc:datafield tag="650" ind1="1" ind2=" ">
            <marc:subfield code="a">Grafik, Fotografie &gt; Fotografie &gt; Fotoabzug</marc:subfield>
          </marc:datafield>
          <marc:datafield tag="650" ind1="1" ind2=" ">
            <marc:subfield code="a">Heeslingen</marc:subfield>
          </marc:datafield>
          <marc:datafield tag="773" ind1="0" ind2=" ">
            <marc:subfield code="t">Sammlung und Nachlass Hermann Allmers</marc:subfield>
          </marc:datafield>
          <marc:datafield tag="852" ind1=" " ind2=" ">
            <marc:subfield code="a">Archiv des Landkreises Cuxhaven</marc:subfield>
          </marc:datafield>
          <marc:datafield tag="" ind1=" " ind2=" ">
            <marc:subfield code="a">Sammlung und Nachlass Hermann Allmers sind Eigentum der Hermann-Allmers-Gesellschaft e. V. und werden in zwei Teilen an zwei Standorten verwahrt:
Die (museale) Sammlung, bestehend aus Mobiliar und Hausgerät, Tafelgemälden, kleineren und größeren Antiken, Gipsabgüssen, kunsthandwerklichen Objekten aus Keramik und Glas und einer kleinen Bibliothek, befindet sich im Allmers-Haus in Rechtenfleth.
Der literarische, grafische und fotografische "Nachlass Hermann Allmers" hingegen ist im Archiv des Landkreises Cuxhaven in Otterndorf deponiert.</marc:subfield>
          </marc:datafield>
          <marc:datafield tag="" ind1=" " ind2=" ">
            <marc:subfield code="a">Namensnennung - Nicht kommerziell - Keine Bearbeitungen 4.0 International (CC BY-NC-ND 4.0)</marc:subfield>
          </marc:datafield>
        </marc:record>
      </metadata>
    </record>
  </GetRecord>
</OAI-PMH>
